| 000 | 00755cam a22002291 4500 | ||
|---|---|---|---|
| 001 | agr46000260 | ||
| 003 | DLC | ||
| 005 | 20260227111005.0 | ||
| 008 | 751006s1946 vp ca 000 0 eng c | ||
| 010 | _aagr46000260 | ||
| 035 | _a(OCoLC)1680577 | ||
| 040 |
_aU. S. Dept of agr. Library _cFM _dDLC |
||
| 042 | _apremarc | ||
| 050 | 0 | 0 |
_aSF431 _b.E64 1946 |
| 082 | _a636.70886 | ||
| 100 | 1 | _aEast, Henry R. | |
| 245 | 1 | 0 |
_aHow to train dogs for the home, stage and moving pictures, _c by Henry R. East ... With photographs illustrating sixty-five different feats. |
| 250 | _a2d ed. | ||
| 260 |
_aNew York, _aChicago, _bPittman publishing corporation _c[1946] |
||
| 300 |
_axi, 180 p. _bincl. front. (port.) illus. _c20 cm. |
||
| 650 | 0 |
_aDogs _xTraining. |
|
| 999 |
_c10524 _d10524 |
||